000
00438nam a2200145Ia 4500
008
191206s9999 xx 000 0 und d
020
_a
0393952428 (pbk.)
090
_a
PR1174N6
245
0
_a
Norton anthology of poetry
250
_a
3rd ed.
260
_a
Norton
260
_c
cc1983
300
_a
"liii, 1452 p. ; 24 cm."
999
_c
16571
_d
16571